000 00584nam a22001937a 4500
005 20220725145529.0
008 220725b ||||| |||| 00| 0 eng d
040 _cAL
041 _aEnglish
082 _223
_a081
_bGORM
100 _aMikhail Gorbachev
_953114
245 _aMichail gorbachevs Answers to questions put by Iunita
260 _aMoscow
_bNovosti press agency publishing house
_c1987
300 _a45 p.
_bPB
_c19x12 cm.
650 _aI'Unita
_953115
650 _aItalian Communist partys newspaper
_953116
700 _aGORBACHEV (Mikhail)
_953117
942 _2ddc
_cGF
999 _c224158
_d224158